| 000 | 00533nam a2200169Ia 4500 | ||
|---|---|---|---|
| 003 | Ost | ||
| 005 | 20260507075700.0 | ||
| 008 | 260507s9999||||xx |||||||||||||| ||und|| | ||
| 040 | _cfsecg | ||
| 041 | _aara | ||
| 100 |
_aعطية، احمد صلاح _eمؤلف |
||
| 245 | 0 |
_aمشاكل المراجعة في اسواق المال / _c احمد صلاح عطية |
|
| 260 |
_aالاسكندرية: _bالدار الجامعية, _c2003 |
||
| 300 | _a297 صفحة؛ | ||
| 653 | _aمراجعة - سوق مالي | ||
| 942 | _cكتاب | ||
| 999 |
_c45804 _d45804 |
||